| 000 | 00767nam a2200253 a 4500 | ||
|---|---|---|---|
| 001 | BRCA_6818 | ||
| 005 | 20190320205614.0 | ||
| 008 | 041111s1914----gw-#######---#000-0#ger-# | ||
| 041 | _ager | ||
| 044 | _agw | ||
| 050 | 4 |
_aPN6195 _p.B83 2 1914 |
|
| 245 | 1 | 0 |
_aEberhard Büchner : Kriegshumor _bErster Teil |
| 260 |
_aMúnich, Alemania _bA. Langen _c1914 |
||
| 300 |
_a144 p. _c17 cm. |
||
| 440 | 0 |
_aLangens Kriegsbücher ; Geschichte aus Deutschlands Kämpfen _v2 _917008 |
|
| 500 | _aLa biblioteca cuenta con la primera parte | ||
| 500 | _aVer también O4 | ||
| 500 | _aO5 | ||
| 600 | 1 | 4 |
_aBuchner, Eberhard _917009 |
| 650 | 1 | 4 |
_aPrimera Guerra Mundial, 1914-1918 _xHumor. _917010 |
| 650 | 1 | 4 |
_aIngenio y humor alemán _917011 |
| 902 | _aGFM | ||
| 942 |
_2lcc _cB |
||
| 999 |
_c6501 _d6501 |
||